| 000 | 01007nam a22003137a 4500 | ||
|---|---|---|---|
| 003 | CHAP | ||
| 005 | 20220329134158.0 | ||
| 008 | 971013s1941 eu r 00010 eng d | ||
| 010 | _a16627 | ||
| 011 | _a17599 | ||
| 035 | _a21682 | ||
| 040 | _cCHAP | ||
| 082 |
_a581.9095 _bJ3 1941 |
||
| 100 | 0 | 0 |
_aJaeger, Edmund C. _960889 |
| 245 | 1 | 0 |
_aDesert wild flowers _b/por Edmund C. Jaeger |
| 250 | _aRev. ed. | ||
| 260 |
_aStanford, Cal., : _bStanford University, _c1941 |
||
| 300 |
_a322 p. _b: ilus |
||
| 590 |
_aBATCH-UPD _b10 _c20130110 _lUCH01 _h1939 |
||
| 590 |
_aBATCH-UPD _b10 _c20130410 _lUCH01 _h1303 |
||
| 590 |
_aBATCH-UPD _b10 _c20130914 _lUCH01 _h1416 |
||
| 590 |
_aCONVERSION _b10 _c20130109 _lUCH01 _h1310 |
||
| 650 | 1 | 4 |
_aFlora desértica. _941326 |
| 650 | 1 | 4 |
_aFlores silvestres. _941744 |
| 901 | _aBK | ||
| 942 | _cLIBRO | ||
| 949 |
_a581.9095 J3 1941 _bBC _cLIBRO _d-50394 _eLIBRO _h42496 _i21682 _si |
||
| 949 |
_a581.9095 J3 1941 _bBC _cLIBRO _d33724002238561 _eLIBRO _fc.2 _gDonaciØn _h114355 _i21682 _sb |
||
| 999 |
_c16627 _d16627 |
||